Racism without racists : Color-blind racism and the persistence of racial inequality in America
This edition also updates Bonilla-Silva’s assessment of race in America after President Barack Obama’s re-election. Obama’s presidency, Bonilla-Silva argues, does not represent a sea change in race relations, but rather embodies disturbing racial trends of the past.
Spremljeno u:
| Glavni autor: | |
|---|---|
| Format: | Knjiga |
| Jezik: | Undetermined |
| Izdano: |
Lanham
Rowman & Littlefield Publishers, Inc.
2014
|
| Teme: | |
| Oznake: |
Dodaj oznaku
Bez oznaka, Budi prvi tko označuje ovaj zapis!
|
| Thư viện lưu trữ: | Trung tâm Học liệu Trường Đại học Cần Thơ |
|---|
| LEADER | 00942nam a2200217Ia 4500 | ||
|---|---|---|---|
| 001 | CTU_236245 | ||
| 008 | 210402s9999 xx 000 0 und d | ||
| 082 | |a 305.800973 | ||
| 082 | |b B715 | ||
| 100 | |a Bonilla-Silva, Eduardo | ||
| 245 | 0 | |a Racism without racists : | |
| 245 | 0 | |b Color-blind racism and the persistence of racial inequality in America | |
| 245 | 0 | |c Eduardo Bonilla-Silva | |
| 260 | |a Lanham | ||
| 260 | |b Rowman & Littlefield Publishers, Inc. | ||
| 260 | |c 2014 | ||
| 520 | |a This edition also updates Bonilla-Silva’s assessment of race in America after President Barack Obama’s re-election. Obama’s presidency, Bonilla-Silva argues, does not represent a sea change in race relations, but rather embodies disturbing racial trends of the past. | ||
| 650 | |a Racism,Phân biệt chủng tộc | ||
| 650 | |z United States,Hoa Kỳ | ||
| 910 | |b dqhieu | ||
| 980 | |a Trung tâm Học liệu Trường Đại học Cần Thơ | ||